|
|
|
|
| LEADER |
00000nas a2200000 4500 |
| 001 |
ssj0008237 |
| 003 |
WaSeSS |
| 005 |
20200512172242.0 |
| 006 |
m d |
| 007 |
cr n |
| 008 |
750817c19259999ilufr p s 0 a0eng c |
| 010 |
|
|
|a 78648960
|
| 016 |
7 |
|
|a 2226395-0
|2 DE-600
|
| 022 |
|
|
|l 0009-8337
|y 0009-8337
|
| 032 |
|
|
|a 116160
|b USPS
|
| 035 |
|
|
|a (WaSeSS)ssj0008237
|
| 037 |
|
|
|b Bolchazy-Carducci Publishers, 1000 Brown St., Unit 101, Wauconda, IL 60084
|
| 040 |
|
|
|a MUL
|b eng
|c MUL
|d BTI
|d NSD
|d DLC
|d NSD
|d AIP
|d NSD
|d NST
|d NSD
|d SYS
|d OCLCQ
|d NLGGC
|d OCLCQ
|d CUS
|d IUL
|d OCLCA
|d OCLCQ
|d OCLCA
|d IUL
|d OCLCF
|d OCLCO
|d EUW
|d OCLCO
|d TPA
|d XFH
|d ZAP
|d RDF
|d ZAS
|d WaSeSS
|
| 042 |
|
|
|a nsdp
|a pcc
|
| 050 |
0 |
0 |
|a PA1
|b .C33
|
| 082 |
0 |
|
|a 913.38
|
| 210 |
0 |
|
|a Class. bull.
|b (St. Louis Mo.)
|
| 222 |
|
4 |
|a The Classical bulletin
|b (St. Louis, Mo.)
|
| 245 |
0 |
4 |
|a The Classical bulletin
|h [electronic resource].
|
| 246 |
1 |
7 |
|a CB
|f <1992->
|
| 260 |
|
|
|a Wauconda, IL, USA
|b Bolchazy-Carducci Publishers
|
| 310 |
|
|
|a Semiannual,
|b <1992->
|
| 321 |
|
|
|a Monthly (Nov.-Apr.)
|
| 321 |
|
|
|a Quarterly,
|b <Mar. 1976->
|
| 362 |
1 |
|
|a Began in 1925.
|z Cf. Union list of serials.
|
| 500 |
|
|
|a Issues for <Mar. 1976-> published: St. Louis, Mo. : Dept. of Classical Languages, St. Louis University.
|
| 506 |
|
|
|a License restrictions may limit access.
|
| 555 |
|
|
|a Cumulated index every 25 years.
|
| 650 |
|
0 |
|a Classical philology
|v Periodicals.
|
| 650 |
1 |
7 |
|a Klassieke talen.
|2 gtt
|
| 650 |
1 |
7 |
|a Klassieke oudheid.
|2 gtt
|
| 650 |
|
7 |
|a Classical philology.
|2 fast
|0 (OCoLC)fst00863532
|
| 655 |
|
0 |
|a Electronic journals.
|
| 710 |
2 |
|
|a St. Louis University.
|b Department of Classical Languages.
|
| 850 |
|
|
|a CaMWUC
|a DLC
|a DeU
|a FU
|a MiDW
|a MoSU
|a NCH
|
| 853 |
0 |
3 |
|8 1
|a v.
|b no.
|i (year)
|j (month)
|
| 856 |
4 |
0 |
|z Full text available from Research Library: 01/01/1996 to 01/31/2010
|u https://search.proquest.com/publication/41368
|
| 863 |
4 |
0 |
|8 1
|a <4>-
|i <1927/1928>-
|x provisional
|